A short history of the Far East (Record no. 39056)
[ view plain ]
| 000 -LEADER | |
|---|---|
| fixed length control field | 00815cam a22002891 4500 |
| 001 - CONTROL NUMBER | |
| control field | 751518 |
| 003 - CONTROL NUMBER IDENTIFIER | |
| control field | OSt |
| 005 - DATE AND TIME OF LATEST TRANSACTION | |
| control field | 20140311162956.0 |
| 008 - FIXED-LENGTH DATA ELEMENTS--GENERAL INFORMATION | |
| fixed length control field | 711124s1964 nyub b 000 0 eng |
| 010 ## - LIBRARY OF CONGRESS CONTROL NUMBER | |
| LC control number | 64014965 |
| 040 ## - CATALOGING SOURCE | |
| Original cataloging agency | DLC |
| Transcribing agency | DLC |
| Modifying agency | DLC |
| 043 ## - GEOGRAPHIC AREA CODE | |
| Geographic area code | ae----- |
| 050 00 - LIBRARY OF CONGRESS CALL NUMBER | |
| Classification number | DS 511 |
| Item number | .L359 1967 |
| 082 00 - DEWEY DECIMAL CLASSIFICATION NUMBER | |
| Classification number | M 950 |
| Item number | L35 1965 |
| 100 1# - MAIN ENTRY--PERSONAL NAME | |
| Personal name | Latourette, Kenneth Scott, |
| Dates associated with a name | 1884-1968. |
| 9 (RLIN) | 30749 |
| 245 12 - TITLE STATEMENT | |
| Title | A short history of the Far East |
| Statement of responsibility, etc | Latourette, Kenneth Scott |
| 250 ## - EDITION STATEMENT | |
| Edition statement | 4th ed. |
| 260 ## - PUBLICATION, DISTRIBUTION, ETC. (IMPRINT) | |
| Place of publication, distribution, etc | New York : |
| Name of publisher, distributor, etc | Macmillan Company, |
| Date of publication, distribution, etc | c1965. |
| 300 ## - PHYSICAL DESCRIPTION | |
| Extent | viii, 776 p. |
| Dimensions | 23 cm. |
| 504 ## - BIBLIOGRAPHY, ETC. NOTE | |
| Bibliography, etc | Includes bibliographies. |
| 526 ## - STUDY PROGRAM INFORMATION NOTE | |
| Reading level | 120L-1700L |
| 541 ## - IMMEDIATE SOURCE OF ACQUISITION NOTE | |
| -- | 1 |
| 562 ## - COPY AND VERSION IDENTIFICATION NOTE | |
| Number of copies | 1 |
| 651 #0 - SUBJECT ADDED ENTRY--GEOGRAPHIC NAME | |
| Geographic name | East Asia |
| General subdivision | History. |
| 9 (RLIN) | 30750 |
| 906 ## - LOCAL DATA ELEMENT F, LDF (RLIN) | |
| a | 7 |
| b | cbc |
| c | orignew |
| d | u |
| e | ocip |
| f | 19 |
| g | y-gencatlg |
| 942 ## - ADDED ENTRY ELEMENTS (KOHA) | |
| Source of classification or shelving scheme | Library of Congress Classification |
| Koha item type | Books |
| Call number prefix | |
| Withdrawn status | Lost status | Source of classification or shelving scheme | Damaged status | Home library | Current library | Shelving location | Date acquired | Total Checkouts | Full call number | Barcode | Date last seen | Copy number | Price effective from | Koha item type |
|---|---|---|---|---|---|---|---|---|---|---|---|---|---|---|
| Library of Congress Classification | College Library | College Library | Filipiniana Section | 06/08/2013 | DS 511 .L359 1967 | C6647 | 05/08/2018 | 1 | 11/14/2013 | Books |